[Event "European Online Club-ch-B 2021"]
[Site "Online"]
[Date "2021.03.27"]
[Round "5.3"]
[White "Sokolov, Andrei"]
[Black "Lecky, Juraj"]
[Result "1-0"]
[WhiteElo "2516"]
[BlackElo "2070"]
[Annotator "ChessBase"]
[PlyCount "93"]
[EventDate "2021.03.27"]
[EventType "team-tourn"]
[EventCountry "NET"]
[SourceTitle "playchess.com"]
[Source "ChessBase"]
[SourceQuality "1"]
[TimeControl "900+5"]

1. e4 {[%emt 0:00:24]} c5 {[%emt 0:00:04]} 2. Nf3 {[%emt 0:00:04]} d6 {[%emt 0:00:01]} 3. d4 {[%emt 0:00:04]} cxd4 {[%emt 0:00:00]} 4. Nxd4 {[%emt 0:00:04]} Nf6 {[%emt 0:00:02]} 5. Nc3 {[%emt 0:00:02]} a6 {[%emt 0:00:01]} 6. Be2 {[%emt 0:00:37]} e6 {[%emt 0:00:05]} 7. a4 {[%emt 0:00:39]} Be7 {[%emt 0:00:06]} 8. f4 {[%emt 0:00:17]} Nc6 {[%emt 0:00:18]} 9. Be3 {[%emt 0:00:04]} O-O {[%emt 0:00:10]} 10. O-O {[%emt 0:00:10]} Qc7 {[%emt 0:00:21]} 11. Kh1 {[%emt 0:00:06]} Re8 {[%emt 0:00:09]} 12. Bf3 {[%emt 0:01:20]} Rb8 {[%emt 0:02:59]} 13. g4 {[%emt 0:01:01]} Nxd4 {[%emt 0:03:32]} 14. Bxd4 {[%emt 0:00:10]} e5 {[%emt 0:00:05]} 15. Ba7 {[%emt 0:00:44]} Ra8 {[%emt 0:00:22]} 16. Bf2 {[%emt 0:00:07]} Be6 {[%emt 0:00:29]} 17. g5 {[%emt 0:01:08]} Nd7 {[%emt 0:00:09]} 18. f5 {[%emt 0:00:22]} Bc4 {[%emt 0:00:11]} 19. Rg1 {[%emt 0:00:08]} g6 {[%emt 0:03:30]} 20. Rg2 {[%emt 0:02:53]} b5 {[%emt 0:00:30]} 21. Be3 {[%emt 0:00:25]} Qc6 {[%emt 0:01:50]} 22. f6 {[%emt 0:02:05]} Bd8 {[%emt 0:00:47]} 23. axb5 {[%emt 0:00:22]} Bxb5 {[%emt 0:00:05]} 24. Nxb5 {[%emt 0:00:31]} axb5 {[%emt 0:00:07]} 25. Rxa8 {[%emt 0:00:07]} Qxa8 {[%emt 0:00:00]} 26. Qxd6 {[%emt 0:00:08]} Nf8 {[%emt 0:00:16]} 27. Rg1 {[%emt 0:01:10]} Qc8 {[%emt 0:00:35]} 28. Qc5 {[%emt 0:00:27]} Qb7 {[%emt 0:00:16]} 29. Qd5 {[%emt 0:00:25]} Qc8 {[%emt 0:00:06]} 30. Qxb5 {[%emt 0:00:22]} Re6 {[%emt 0:00:04]} 31. Bg4 {[%emt 0:00:19]} Qxc2 {[%emt 0:00:05]} 32. Bxe6 {[%emt 0:00:22]} Qxe4+ {[%emt 0:00:03]} 33. Rg2 {[%emt 0:00:03]} Qxe3 {[%emt 0:00:15]} 34. Bd5 {[%emt 0:00:28]} e4 {[%emt 0:00:07]} 35. Qe2 {[%emt 0:00:08]} Qd4 {[%emt 0:00:06]} 36. Qxe4 {[%emt 0:00:07]} Qd1+ {[%emt 0:00:02]} 37. Rg1 {[%emt 0:00:02]} Qd2 {[%emt 0:00:02]} 38. Re1 {[%emt 0:00:07]} Bb6 {[%emt 0:00:06]} 39. Re2 {[%emt 0:00:07]} Qd1+ {[%emt 0:00:05]} 40. Kg2 {[%emt 0:00:02]} Qg1+ {[%emt 0:00:02]} 41. Kh3 {[%emt 0:00:04]} Qf1+ {[%emt 0:00:03]} 42. Qg2 {[%emt 0:00:04]} Qf5+ {[%emt 0:00:05]} 43. Qg4 {[%emt 0:00:03]} Qf1+ {[%emt 0:00:02]} 44. Bg2 {[%emt 0:00:04]} Qb1 {[%emt 0:00:08]} 45. Re8 {[%emt 0:00:06]} Qc2 {[%emt 0:00:04]} 46. Qe4 {[%emt 0:00:08]} Qd1 {[%emt 0:00:17]} 47. Rxf8+ {[%emt 0:00:06]} 1-0

[Event "European Online Club-ch-B 2021"]
[Site "Online"]
[Date "2021.03.27"]
[Round "5.4"]
[White "Nikel, Rastislav"]
[Black "Miralles, Gilles"]
[Result "0-1"]
[WhiteElo "1984"]
[BlackElo "2418"]
[Annotator "NA"]
[PlyCount "40"]
[EventDate "2021.03.27"]
[EventType "team-tourn"]
[EventCountry "NET"]
[SourceTitle "playchess.com"]
[Source "ChessBase"]
[SourceQuality "1"]
[TimeControl "900+5"]

1. e4 {[%emt 0:00:00]} c5 {[%emt 0:00:05]} 2. Nf3 {[%emt 0:00:03]} d6 {[%emt 0:00:05]} 3. d4 {[%emt 0:00:05]} cxd4 {[%emt 0:00:02]} 4. Nxd4 {[%emt 0:00:10]} Nf6 {[%emt 0:00:02]} 5. Nc3 {[%emt 0:00:03]} Nc6 {[%emt 0:00:03]} 6. Bc4 {[%emt 0:00:07]} e6 {[%emt 0:00:23]} 7. O-O {[%emt 0:00:06]} Be7 {[%emt 0:00:49]} 8. Be3 {[%emt 0:00:21]} O-O {[%emt 0:00:27]} 9. Qe2 {[%emt 0:01:04]} a6 {[%emt 0:00:38]} 10. f4 {[%emt 0:00:54]} d5 {[%emt 0:00:24]} 11. exd5 {[%emt 0:00:11]} exd5 {[%emt 0:00:09]} 12. Bd3 {[%emt 0:00:08]} Re8 {[%emt 0:00:26]} 13. h3 {[%emt 0:00:42]} Bc5 {[%emt 0:00:50]} 14. Qf2 {[%emt 0:00:05]} Rxe3 {[%emt 0:00:15]} 15. Nxc6 {[%emt 0:01:58]} bxc6 {[%emt 0:00:11]} 16. Nd1 {[%emt 0:00:04]} Qb6 {[%emt 0:00:30]} 17. b4 {[%emt 0:00:10]} Bd4 {[%emt 0:00:08]} 18. c3 {[%emt 0:00:31]} Rxd3 {[%emt 0:00:03]} 19. cxd4 {[%emt 0:00:03]} Qxd4 {[%emt 0:00:01]} 20. Nb2 {[%emt 0:01:01]} Rd2 {[%emt 0:00:22]} 0-1

[Event "European Online Club-ch-B 2021"]
[Site "Online"]
[Date "2021.03.27"]
[Round "5.5"]
[White "Santos Latasa, Jaime"]
[Black "Grandelius, Nils"]
[Result "1/2-1/2"]
[WhiteElo "2608"]
[BlackElo "2663"]
[Annotator "ChessBase"]
[PlyCount "60"]
[EventDate "2021.03.27"]
[EventType "team-tourn"]
[EventCountry "NET"]
[SourceTitle "playchess.com"]
[Source "ChessBase"]
[SourceQuality "1"]
[TimeControl "900+5"]

1. e4 {[%emt 0:00:00]} c6 {[%emt 0:00:03]} 2. d4 {[%emt 0:00:04]} d5 {[%emt 0:00:02]} 3. Nd2 {[%emt 0:00:02]} dxe4 {[%emt 0:00:04]} 4. Nxe4 {[%emt 0:00:01]} Nf6 {[%emt 0:00:00]} 5. Nxf6+ {[%emt 0:00:01]} exf6 {[%emt 0:00:00]} 6. Be3 {[%emt 0:00:12]} Qb6 {[%emt 0:00:33]} 7. Qe2 {[%emt 0:00:04]} Be6 {[%emt 0:00:34]} 8. c3 {[%emt 0:00:31]} Qa5 {[%emt 0:00:28]} 9. Qc2 {[%emt 0:00:09]} Bd6 {[%emt 0:00:20]} 10. Bd3 {[%emt 0:00:04]} Nd7 {[%emt 0:00:08]} 11. Ne2 {[%emt 0:00:08]} Qc7 {[%emt 0:00:49]} 12. h3 {[%emt 0:00:34]} g6 {[%emt 0:01:30]} 13. O-O {[%emt 0:01:47]} O-O {[%emt 0:00:05]} 14. Qd2 {[%emt 0:01:01]} Rfe8 {[%emt 0:02:12]} 15. Rfe1 {[%emt 0:02:10]} Nb6 {[%emt 0:00:29]} 16. Nf4 {[%emt 0:02:26]} Nd5 {[%emt 0:01:56]} 17. Nxe6 {[%emt 0:01:35]} Rxe6 {[%emt 0:00:00]} 18. Bh6 {[%emt 0:00:03]} Rae8 {[%emt 0:02:03]} 19. Rxe6 {[%emt 0:00:04]} Rxe6 {[%emt 0:00:00]} 20. Re1 {[%emt 0:00:05]} Bf4 {[%emt 0:00:09]} 21. Rxe6 {[%emt 0:00:22]} fxe6 {[%emt 0:00:00]} 22. Bxf4 {[%emt 0:00:03]} Nxf4 {[%emt 0:00:02]} 23. Bc4 {[%emt 0:00:11]} Qd6 {[%emt 0:00:21]} 24. Qe3 {[%emt 0:00:12]} a5 {[%emt 0:00:47]} 25. a4 {[%emt 0:00:20]} Kg7 {[%emt 0:00:23]} 26. h4 {[%emt 0:00:41]} h6 {[%emt 0:01:17]} 27. g3 {[%emt 0:00:14]} Nd5 {[%emt 0:00:02]} 28. Qe4 {[%emt 0:00:06]} f5 {[%emt 0:00:44]} 29. Qe2 {[%emt 0:00:09]} Kf6 {[%emt 0:00:10]} 30. f4 {[%emt 0:01:19]} Nb6 {[%emt 0:00:27]} 1/2-1/2

[Event "European Online Club-ch-B 2021"]
[Site "Online"]
[Date "2021.03.27"]
[Round "5.6"]
[White "Svane, Rasmus"]
[Black "Admiraal, Miguoel"]
[Result "1/2-1/2"]
[WhiteElo "2613"]
[BlackElo "2475"]
[Annotator "ChessBase"]
[PlyCount "85"]
[EventDate "2021.03.27"]
[EventType "team-tourn"]
[EventCountry "NET"]
[SourceTitle "playchess.com"]
[Source "ChessBase"]
[SourceQuality "1"]
[TimeControl "900+5"]

1. Nf3 {[%emt 0:00:00]} d5 {[%emt 0:00:08]} 2. g3 {[%emt 0:00:03]} c6 {[%emt 0:00:04]} 3. Bg2 {[%emt 0:00:02]} Bg4 {[%emt 0:00:02]} 4. O-O {[%emt 0:00:02]} Nd7 {[%emt 0:00:06]} 5. h3 {[%emt 0:00:01]} Bh5 {[%emt 0:00:02]} 6. d4 {[%emt 0:00:02]} Ngf6 {[%emt 0:00:09]} 7. c4 {[%emt 0:00:03]} e6 {[%emt 0:00:11]} 8. cxd5 {[%emt 0:00:02]} cxd5 {[%emt 0:00:03]} 9. Qb3 {[%emt 0:00:11]} Qb6 {[%emt 0:00:22]} 10. Nc3 {[%emt 0:00:04]} Be7 {[%emt 0:00:56]} 11. Ne5 {[%emt 0:00:29]} Qxd4 {[%emt 0:02:55]} 12. Nxd7 {[%emt 0:00:54]} Nxd7 {[%emt 0:00:04]} 13. Qxb7 {[%emt 0:04:36]} Rb8 {[%emt 0:00:06]} 14. Qc6 {[%emt 0:00:10]} Qb6 {[%emt 0:00:35]} 15. Qa4 {[%emt 0:01:06]} Rd8 {[%emt 0:01:14]} 16. g4 {[%emt 0:01:18]} Bg6 {[%emt 0:00:07]} 17. Be3 {[%emt 0:01:30]} Qxb2 {[%emt 0:01:09]} 18. Bd4 {[%emt 0:00:28]} Qb4 {[%emt 0:02:45]} 19. Qxb4 {[%emt 0:00:53]} Bxb4 {[%emt 0:00:02]} 20. Bxg7 {[%emt 0:00:04]} Rg8 {[%emt 0:00:03]} 21. Bd4 {[%emt 0:00:04]} Bc5 {[%emt 0:01:55]} 22. Bxc5 {[%emt 0:00:15]} Nxc5 {[%emt 0:00:01]} 23. Rac1 {[%emt 0:00:07]} Nd7 {[%emt 0:00:36]} 24. Nb5 {[%emt 0:01:15]} a6 {[%emt 0:00:25]} 25. Nc7+ {[%emt 0:00:10]} Ke7 {[%emt 0:00:01]} 26. Rc6 {[%emt 0:00:47]} Rb8 {[%emt 0:00:43]} 27. f4 {[%emt 0:00:48]} Rb6 {[%emt 0:00:44]} 28. Rxb6 {[%emt 0:01:16]} Nxb6 {[%emt 0:00:02]} 29. f5 {[%emt 0:00:02]} exf5 {[%emt 0:00:03]} 30. gxf5 {[%emt 0:00:14]} Bh5 {[%emt 0:00:01]} 31. Rb1 {[%emt 0:00:04]} Kd6 {[%emt 0:01:05]} 32. Rxb6+ {[%emt 0:00:16]} Kxc7 {[%emt 0:00:01]} 33. Rf6 {[%emt 0:00:14]} Bxe2 {[%emt 0:00:09]} 34. Rxf7+ {[%emt 0:00:10]} Kd6 {[%emt 0:00:01]} 35. Kf2 {[%emt 0:00:00]} Bc4 {[%emt 0:00:10]} 36. Bf3 {[%emt 0:00:07]} Ke5 {[%emt 0:00:14]} 37. Bg4 {[%emt 0:00:04]} Bxa2 {[%emt 0:00:24]} 38. Rxh7 {[%emt 0:00:05]} d4 {[%emt 0:00:18]} 39. Re7+ {[%emt 0:00:01]} Kf4 {[%emt 0:00:06]} 40. Rd7 {[%emt 0:00:06]} Ke5 {[%emt 0:00:04]} 41. Re7+ {[%emt 0:00:07]} Kf4 {[%emt 0:00:02]} 42. Rd7 {[%emt 0:00:11]} Ke5 {[%emt 0:00:06]} 43. Re7+ {[%emt 0:00:07]} 1/2-1/2

[Event "European Online Club-ch-B 2021"]
[Site "Online"]
[Date "2021.03.27"]
[Round "5.7"]
[White "Matnadze, Ana"]
[Black "Hansen, Sune Berg"]
[Result "0-1"]
[WhiteElo "2421"]
[BlackElo "2533"]
[Annotator "ChessBase"]
[PlyCount "90"]
[EventDate "2021.03.27"]
[EventType "team-tourn"]
[EventCountry "NET"]
[SourceTitle "playchess.com"]
[Source "ChessBase"]
[SourceQuality "1"]
[TimeControl "900+5"]

1. d4 {[%emt 0:00:00]} d5 {[%emt 0:00:04]} 2. Nf3 {[%emt 0:00:05]} Nf6 {[%emt 0:00:04]} 3. g3 {[%emt 0:00:03]} g6 {[%emt 0:00:10]} 4. Bg2 {[%emt 0:00:03]} Bg7 {[%emt 0:00:02]} 5. O-O {[%emt 0:00:04]} O-O {[%emt 0:00:02]} 6. c4 {[%emt 0:00:04]} c6 {[%emt 0:00:08]} 7. Qb3 {[%emt 0:00:10]} Qb6 {[%emt 0:00:30]} 8. Nc3 {[%emt 0:00:12]} Rd8 {[%emt 0:00:28]} 9. c5 {[%emt 0:00:11]} Qa6 {[%emt 0:00:39]} 10. Bf4 {[%emt 0:00:26]} Nbd7 {[%emt 0:00:19]} 11. Bc7 {[%emt 0:00:18]} Re8 {[%emt 0:00:12]} 12. Rfc1 {[%emt 0:00:29]} b6 {[%emt 0:00:09]} 13. cxb6 {[%emt 0:00:19]} axb6 {[%emt 0:00:04]} 14. Ne5 {[%emt 0:00:17]} Bb7 {[%emt 0:01:14]} 15. e4 {[%emt 0:00:40]} e6 {[%emt 0:00:15]} 16. a4 {[%emt 0:00:29]} Rac8 {[%emt 0:01:48]} 17. Bd6 {[%emt 0:00:13]} Nxe5 {[%emt 0:00:35]} 18. dxe5 {[%emt 0:00:15]} Nd7 {[%emt 0:00:09]} 19. exd5 {[%emt 0:00:19]} exd5 {[%emt 0:00:35]} 20. f4 {[%emt 0:00:10]} f6 {[%emt 0:00:29]} 21. Bh3 {[%emt 0:01:56]} Rcd8 {[%emt 0:02:30]} 22. Bc7 {[%emt 0:02:57]} fxe5 {[%emt 0:00:03]} 23. Bxd8 {[%emt 0:00:11]} Rxd8 {[%emt 0:00:34]} 24. Ne4 {[%emt 0:01:50]} Nf8 {[%emt 0:01:36]} 25. f5 {[%emt 0:00:21]} gxf5 {[%emt 0:00:25]} 26. Bxf5 {[%emt 0:00:09]} h6 {[%emt 0:00:28]} 27. Rf1 {[%emt 0:00:37]} Kh8 {[%emt 0:00:20]} 28. Nf2 {[%emt 0:00:30]} e4 {[%emt 0:00:37]} 29. Rad1 {[%emt 0:00:21]} Re8 {[%emt 0:00:06]} 30. Ng4 {[%emt 0:00:41]} c5 {[%emt 0:00:24]} 31. Qe3 {[%emt 0:01:00]} d4 {[%emt 0:00:24]} 32. Qf4 {[%emt 0:00:07]} e3 {[%emt 0:00:39]} 33. Nf6 {[%emt 0:01:02]} Qe2 {[%emt 0:00:45]} 34. Be4 {[%emt 0:00:20]} Bxe4 {[%emt 0:00:28]} 35. Nxe4 {[%emt 0:00:03]} Qc2 {[%emt 0:00:12]} 36. Nd6 {[%emt 0:00:20]} e2 {[%emt 0:00:10]} 37. Nf7+ {[%emt 0:00:11]} Kh7 {[%emt 0:00:09]} 38. Rc1 {[%emt 0:00:33]} exf1=Q+ {[%emt 0:00:02]} 39. Qxf1 {[%emt 0:00:02]} Qe4 {[%emt 0:00:01]} 40. Nd6 {[%emt 0:00:08]} Qe3+ {[%emt 0:00:02]} 41. Kh1 {[%emt 0:00:02]} Re5 {[%emt 0:00:04]} 42. Nc4 {[%emt 0:00:05]} Qe4+ {[%emt 0:00:02]} 43. Kg1 {[%emt 0:00:02]} Rf5 {[%emt 0:00:01]} 44. Qd1 {[%emt 0:00:09]} d3 {[%emt 0:00:04]} 45. Qd2 {[%emt 0:00:05]} Bd4+ {[%emt 0:00:02]} 0-1

[Event "European Online Club-ch-B 2021"]
[Site "Online"]
[Date "2021.03.27"]
[Round "5.8"]
[White "Kramer, Julian"]
[Black "De Rover, Yong Hoon"]
[Result "1-0"]
[WhiteElo "2419"]
[BlackElo "2349"]
[Annotator "NA"]
[PlyCount "37"]
[EventDate "2021.03.27"]
[EventType "team-tourn"]
[EventCountry "NET"]
[SourceTitle "playchess.com"]
[Source "ChessBase"]
[SourceQuality "1"]
[TimeControl "900+5"]

1. e4 {[%emt 0:00:00]} c5 {[%emt 0:00:05]} 2. Nf3 {[%emt 0:00:02]} d6 {[%emt 0:00:02]} 3. d4 {[%emt 0:00:02]} cxd4 {[%emt 0:00:02]} 4. Nxd4 {[%emt 0:00:00]} Nf6 {[%emt 0:00:02]} 5. Nc3 {[%emt 0:00:02]} a6 {[%emt 0:00:05]} 6. a3 {[%emt 0:00:02]} e5 {[%emt 0:00:52]} 7. Nf5 {[%emt 0:00:03]} d5 {[%emt 0:00:34]} 8. Bg5 {[%emt 0:00:05]} d4 {[%emt 0:00:23]} 9. Bxf6 {[%emt 0:00:04]} gxf6 {[%emt 0:00:09]} 10. Nb1 {[%emt 0:00:03]} Bxf5 {[%emt 0:01:17]} 11. exf5 {[%emt 0:00:00]} Qd5 {[%emt 0:00:49]} 12. Qh5 {[%emt 0:00:07]} Nd7 {[%emt 0:00:53]} 13. Nd2 {[%emt 0:00:14]} Rc8 {[%emt 0:00:21]} 14. Bd3 {[%emt 0:00:41]} Nc5 {[%emt 0:03:00]} 15. Bc4 {[%emt 0:02:38]} Qd7 {[%emt 0:00:06]} 16. b4 {[%emt 0:00:02]} b5 {[%emt 0:03:10]} 17. Ba2 {[%emt 0:01:02]} Na4 {[%emt 0:00:07]} 18. Be6 {[%emt 0:00:18]} Qc6 {[%emt 0:00:16]} 19. Qxf7+ {[%emt 0:00:20]} 1-0

[Event "European Online Club-ch-B 2021"]
[Site "Online"]
[Date "2021.03.27"]
[Round "5.9"]
[White "Gorodetzky, David"]
[Black "Vidit, Santosh Gujrathi"]
[Result "0-1"]
[WhiteElo "2495"]
[BlackElo "2726"]
[Annotator "TA"]
[PlyCount "114"]
[EventDate "2021.03.27"]
[EventType "team-tourn"]
[EventCountry "NET"]
[SourceTitle "playchess.com"]
[Source "ChessBase"]
[SourceQuality "1"]

{[%evp 10,114,5,13,12,12,34,25,26,35,32,29,31,20,38,38,40,41,38,39,43,48,57,57,66,54,48,45,95,92,95,45,34,38,56,56,51,53,53,57,67,68,64,66,75,44,64,62,71,72,218,64,95,18,177,-401,-391,-470,-460,-645,-145,-225,-219,-170,0,-207,-185,-396,-353,-379,-352,-354,-270,-349,-329,-543,-539,-542,-494,-533,-530,-463,-352,-541,-498,-450,-507,-649,-657,-29991,-29990,-29992,-29991,-29991,-1362,-1337,-1302,-1232,-572,-29989,-29972,-29989,-2535,-29988,-29980,-29977,-29975]} 1. d4 Nf6 2. Nf3 e6 3. Bf4 c5 4. e3 b6 5. c3 Be7 6. h3 O-O {A47: 1 d4 Nf6 2 Nf3 b6: Torre, London and Colle Systems.} 7. Bd3 cxd4 8. cxd4 Nc6 {White has an edge.} 9. a3 d5 10. O-O Bb7 {[#]} 11. b4 $146 ({Predecessor:} 11. Nbd2 Rc8 12. b4 Bd6 13. Ne5 Ne7 14. Qa4 a6 15. Rac1 b5 16. Qb3 Ne4 17. Qb2 {1-0 (40) Kamsky,G (2762)-Leko,P (2732) Beijing 2012}) 11... Ne4 12. Nbd2 f5 13. Rc1 Rc8 14. Qb3 Bd6 15. Qb2 g5 16. Bxd6 Qxd6 17. Bb5 Ne7 18. Ne5 Nf6 19. Bd3 Kg7 20. f4 gxf4 21. exf4 Ng6 22. g3 Ne4 23. Kh2 Nxe5 24. dxe5 Qe7 25. Nf3 Kh8 26. Rxc8 Rxc8 27. Rc1 Rg8 28. Rg1 Rg6 29. Qc1 Qg7 (29... a5 $16 {is a better defense.}) 30. Qe1 $2 (30. Bxe4 $18 dxe4 31. Nh4) 30... Rh6 31. h4 (31. Qe3 $16) 31... d4 $2 (31... Rg6 $11 {and Black has nothing to worry.}) 32. Qc1 $4 {[%mdl 8192]} (32. Nxd4 $18 {and all is fine.} Qd7 33. Qe3) 32... Nf2 $1 $19 {[%csl LRd3,LRf3][%mdl 64] And now ...Qg4 would win. Discovered Attack} 33. Be2 d3 34. Bd1 (34. Qe1 $142 Ng4+ 35. Kh3 dxe2 36. Qxe2) 34... Qd7 $2 (34... Qg4 $19 {[%csl Gf2][%cal Rg4h3]} 35. Kg2 Nxd1 36. Qxd1 Rxh4 37. Qxd3 Bxf3+ 38. Kf1 Qh3+ 39. Ke1 Bd5) 35. Qd2 (35. Ng5 $17) 35... Nxd1 36. Qxd1 Qd5 $2 (36... Rg6 $19 37. Rg2 Qd5) 37. Rf1 $2 (37. Ng5 $1 $11) 37... Rg6 38. Qc1 $2 (38. Qd2 {keeps fighting.}) 38... Rg7 39. h5 h6 40. Rf2 Kh7 41. Qc3 Rd7 42. Kg1 $2 (42. a4 {might work better.}) 42... Qe4 43. Kh2 Kg7 ({Weaker is} 43... d2 44. Rxd2 Rg7 45. Rf2 $15) 44. Kh3 Kf8 ({Not} 44... d2 45. Rxd2 Rxd2 46. Qxd2 $11) 45. Qd2 Ke7 46. Qc1 (46. Qd1 {only move.}) 46... Kd8 47. Qd1 Rc7 48. Rd2 Rc3 49. Ne1 Qh1+ 50. Rh2 Qf1+ 51. Kh4 {[#]} Qg1 (51... Rc2 $142 $3 {[%mdl 512]} 52. Nxc2 (52. Qxc2 dxc2) 52... Qxd1 53. Ne3 Qf3 54. Rh3 Qxe3 55. g4 Qf2+ 56. Rg3 Bg2 57. a4 Bf1 58. gxf5 Qxf4+ {[%mdl 64] Double Attack} 59. Rg4 Qh2#) 52. Qd2 {[#]} Be4 $1 {[%mdl 512]} 53. a4 {[#]} (53. Qf2 Qxf2) 53... Rc7 (53... Ke8 $142 $1 {[%mdl 512] ( -> ...Rc2!)} 54. Kh3 Rc2 $1 {[%mdl 576] Promotion} 55. Nxc2 dxc2 56. Qxc2 Bxc2 57. Rxc2 Qd1) 54. Kh3 Rd7 55. b5 Ke8 (55... Qf1+ $142 56. Kh4 Rg7 57. Rg2 {[#]} Qxe1 $3 {[%mdl 512]} 58. Qxe1 Bxg2 59. Qd1 Rg4+ 60. Qxg4 fxg4 61. a5 d2 62. f5 exf5 63. e6 d1=Q 64. e7+ Kxe7 65. axb6 Qh1#) 56. Rf2 {[#]} Qxf2 $3 {[%mdl 576] Remove Defender} 57. Qxf2 d2 {Weighted Error Value: White=0.94/Black=0.59} 0-1

[Event "European Online Club-ch-B 2021"]
[Site "Online"]
[Date "2021.03.27"]
[Round "5.10"]
[White "Wojtaszek, Radoslaw"]
[Black "Parkhov, Yair"]
[Result "1-0"]
[WhiteElo "2705"]
[BlackElo "2407"]
[Annotator "TA"]
[PlyCount "75"]
[EventDate "2021.03.27"]
[EventType "team-tourn"]
[EventCountry "NET"]
[SourceTitle "playchess.com"]
[Source "ChessBase"]
[SourceQuality "1"]

{[%evp 21,75,18,23,20,43,6,31,23,55,36,59,59,60,46,69,66,74,64,64,46,69,76,74,35,68,64,59,54,87,60,77,86,78,50,41,31,19,9,12,8,61,63,67,71,104,91,102,233,151,151,1175,1175,29996,29997,29997,29998]} 1. e4 e5 2. Nf3 Nc6 3. Bb5 a6 4. Ba4 Nf6 5. O-O Be7 6. d3 b5 7. Bb3 O-O 8. a4 Bb7 9. Nc3 b4 10. Nd5 Nxd5 11. Bxd5 d6 12. Be3 {[#] C84: Closed Ruy Lopez: Unusual White 6th moves.} Qc8 $146 ({Predecessor:} 12... Rb8 13. Nd2 Na5 14. Ba2 c5 15. Qh5 Bc8 16. f4 exf4 17. Bxf4 Be6 18. Bxe6 fxe6 19. Rf2 Qd7 20. Raf1 Rf6 21. Bg3 {½-½ (21) Boehnke,H (2318)-Pavoni,F (2317) ICCF email 2017}) 13. Qd2 a5 14. c3 {White is slightly better.} bxc3 15. bxc3 Nd8 16. Bxb7 Qxb7 17. Rfb1 Qc6 18. Rb5 Ne6 19. Rab1 h6 20. Qc2 Bg5 21. Nxg5 hxg5 22. Qb3 Nf4 23. Bxf4 gxf4 24. f3 g6 25. d4 Rfe8 26. Rd1 Kg7 27. c4 exd4 28. Rxd4 Re5 29. Rdd5 Rxd5 30. Rxd5 $11 {[%mdl 4096] Endgame KQR-KQR} f6 (30... Qb6+ $11 31. Qxb6 cxb6) 31. Rb5 Ra6 32. h4 $1 Rb6 {[#]} 33. Kh2 $1 Rxb5 34. cxb5 Qc5 35. Qe6 {Strongly threatening Qe7+.} g5 $2 (35... Qf2 $16) 36. Qe7+ $18 Kg6 37. h5+ Kh6 38. Qf7 {[%csl Gh5][%cal Rf7g6] Weighted Error Value: White=0.07/Black=0.45} 1-0

[Event "European Online Club-ch-B 2021"]
[Site "Online"]
[Date "2021.03.27"]
[Round "5.11"]
[White "Veinberg, Nimrod"]
[Black "Sasikiran, Krishnan"]
[Result "1/2-1/2"]
[WhiteElo "2404"]
[BlackElo "2647"]
[Annotator "ChessBase"]
[PlyCount "73"]
[EventDate "2021.03.27"]
[EventType "team-tourn"]
[EventCountry "NET"]
[SourceTitle "playchess.com"]
[Source "ChessBase"]
[SourceQuality "1"]
[TimeControl "900+5"]

1. d4 {[%emt 0:00:00]} d5 {[%emt 0:00:04]} 2. c4 {[%emt 0:00:02]} c6 {[%emt 0:00:02]} 3. Nf3 {[%emt 0:00:02]} Nf6 {[%emt 0:00:02]} 4. g3 {[%emt 0:00:02]} Bg4 {[%emt 0:00:29]} 5. Ne5 {[%emt 0:00:07]} Bf5 {[%emt 0:00:06]} 6. Nc3 {[%emt 0:00:14]} e6 {[%emt 0:00:27]} 7. Qb3 {[%emt 0:00:22]} Qb6 {[%emt 0:01:05]} 8. c5 {[%emt 0:00:03]} Qc7 {[%emt 0:00:32]} 9. Bf4 {[%emt 0:00:05]} Qc8 {[%emt 0:00:03]} 10. Bg2 {[%emt 0:00:09]} Nbd7 {[%emt 0:00:22]} 11. O-O {[%emt 0:00:05]} Be7 {[%emt 0:00:28]} 12. f3 {[%emt 0:00:13]} Bg6 {[%emt 0:03:39]} 13. g4 {[%emt 0:00:37]} Nxe5 {[%emt 0:00:50]} 14. Bxe5 {[%emt 0:00:00]} O-O {[%emt 0:00:10]} 15. Qd1 {[%emt 0:00:52]} Nd7 {[%emt 0:01:03]} 16. Bg3 {[%emt 0:00:04]} f5 {[%emt 0:00:55]} 17. Qd2 {[%emt 0:00:15]} b6 {[%emt 0:00:31]} 18. b4 {[%emt 0:00:04]} a5 {[%emt 0:00:12]} 19. a3 {[%emt 0:00:01]} axb4 {[%emt 0:00:33]} 20. axb4 {[%emt 0:00:00]} Rxa1 {[%emt 0:00:03]} 21. Rxa1 {[%emt 0:00:01]} bxc5 {[%emt 0:00:02]} 22. bxc5 {[%emt 0:00:00]} e5 {[%emt 0:00:03]} 23. gxf5 {[%emt 0:01:56]} Bxf5 {[%emt 0:00:57]} 24. e3 {[%emt 0:00:06]} exd4 {[%emt 0:00:43]} 25. exd4 {[%emt 0:00:00]} Bf6 {[%emt 0:00:04]} 26. Ra7 {[%emt 0:00:22]} Re8 {[%emt 0:00:47]} 27. Ne2 {[%emt 0:01:15]} Nf8 {[%emt 0:00:24]} 28. Nf4 {[%emt 0:00:22]} Ne6 {[%emt 0:00:09]} 29. Nxe6 {[%emt 0:00:23]} Qxe6 {[%emt 0:00:27]} 30. Bf2 {[%emt 0:01:00]} Qe2 {[%emt 0:00:53]} 31. Qxe2 {[%emt 0:00:18]} Rxe2 {[%emt 0:00:03]} 32. Rc7 {[%emt 0:00:49]} Rd2 {[%emt 0:00:07]} 33. Bf1 {[%emt 0:00:49]} Rd1 {[%emt 0:00:35]} 34. Kg2 {[%emt 0:00:04]} Rd2 {[%emt 0:00:03]} 35. Kg1 {[%emt 0:00:42]} Rd1 {[%emt 0:00:02]} 36. Kg2 {[%emt 0:00:01]} Rd2 {[%emt 0:00:02]} 37. Kg1 {[%emt 0:00:02]} 1/2-1/2